[Event "RN-2012-0-00537"]
[Site "LSS email"]
[Date "2012.09.28"]
[Round "?"]
[White "Smith, Harry E"]
[Black "Mistr, Ludek"]
[Result "1-0"]
[WhiteElo "712"]
[BlackElo "558"]
[PlyCount "27"]
[EventDate "2012.09.18"]
[EventType "tourn (corr)"]
[EventRounds "6"]
[EventCountry "GER"]
[SourceTitle "Corr 2015"]
[Source "ChessBase"]
[SourceDate "2015.07.17"]
[SourceVersion "1"]
[SourceVersionDate "2015.07.17"]
[SourceQuality "1"]

1. e4 e5 2. Nf3 d6 3. g3 Nf6 4. d3 h6 5. Bg2 Nc6 6. 0-0 Be7 7. Nc3 0-0 8. Be3 Bg4 9. Qd2 Kh7 10. Nh4 Qd7 11. Nf5 Bxf5 12. exf5 Qxf5 13. Nd5 Ng4 14. Be4 1-0